UM Logo

Mental health nursing: (Record no. 2788)

MARC details
000 -LEADER
fixed length control field 00664nam a2200181 4500
008 - FIXED-LENGTH DATA ELEMENTS--GENERAL INFORMATION
fixed length control field 160526b xxu||||| |||| 00| 0 eng d
020 ## - INTERNATIONAL STANDARD BOOK NUMBER
International Standard Book Number 01303004581
082 ## - DEWEY DECIMAL CLASSIFICATION NUMBER
Edition number 2003
Classification number DC 610.7368
Item number H67m
100 ## - MAIN ENTRY--PERSONAL NAME
9 (RLIN) 9233
Personal name Hogan, Mary Ann
245 ## - TITLE STATEMENT
Title Mental health nursing:
Remainder of title reviews and rationales/
Statement of responsibility, etc. Mary Ann Hogan and George Byron Smith.
260 ## - PUBLICATION, DISTRIBUTION, ETC. (IMPRINT)
Place of publication, distribution, etc. Upper Saddle River:
Name of publisher, distributor, etc. Pearson Education, Inc.,
Date of publication, distribution, etc. c2003.
300 ## - PHYSICAL DESCRIPTION
Extent xvii, 323 pages:
Other physical details illustrations;
Dimensions 25 cm.
500 ## - GENERAL NOTE
General note Includes bibliographical references and appendix and index.
650 #0 - SUBJECT ADDED ENTRY--TOPICAL TERM
9 (RLIN) 9235
Topical term or geographic name as entry element Psychiatric nursing
700 ## - ADDED ENTRY--PERSONAL NAME
9 (RLIN) 9237
Personal name Smith, George Byron
Relator term Author
365 ## - TRADE PRICE
Price amount 2, 000
Currency code Php
942 ## - ADDED ENTRY ELEMENTS (KOHA)
Source of classification or shelving scheme Dewey Decimal Classification
Koha item type Circulation
Holdings
Withdrawn status Lost status Source of classification or shelving scheme Damaged status Not for loan Collection code Home library Current library Date acquired Source of acquisition Total Checkouts Full call number Barcode Date last seen Price effective from Koha item type
    Dewey Decimal Classification     Circulation UM Digos College - LIC UM Digos College - LIC 09/01/2004 Purchased   DC 610.7368 H67m 2003 17664 04/14/2025 05/26/2016 Circulation